| 000 | 00981nam a22002297a 4500 | ||
|---|---|---|---|
| 003 | BD-DhUL | ||
| 005 | 20160921152848.0 | ||
| 008 | 160904b1398 bg ||||| |||| 00| 0 ben d | ||
| 020 | _a8170669626 | ||
| 040 |
_cBD-DhUL _dBD-DhUL |
||
| 082 |
_a954 _bCHP |
||
| 245 | 0 |
_aপ্রাচীন ভারতের অর্থনৈতিক ইতিহাসের সন্ধানে / _b _cরণবীর চক্রবর্তী, অশীন দাশগুপ্ত সম্পাদিত |
|
| 260 |
_aকলকাতা : _bআনন্দ, _c১৩৯৮। |
||
| 300 |
_a২৪৮ পৃ. : _c২১ সেমি.। |
||
| 365 |
_atk _b45.00 |
||
| 490 | 0 |
_aইতিহাস গ্রন্থমালা ; _v২ |
|
| 651 | 0 |
_aভারত _xইতিহাস |
|
| 651 | 0 |
_aIndia _xHistory |
|
| 700 | 1 |
_aচক্রবর্তী, রণবীর _eসম্পা. |
|
| 700 | 1 |
_aদাশগুপ্ত, অশীন _eসম্পা. |
|
| 942 |
_2ddc _cBK |
||
| 999 |
_c103980 _d103980 |
||